000 00621nam a22002417a 4500
003 UA-OsUOA
001 20488
007 ta
008 20031031b un ||||| |||| 00| 0 ukr d
100 _aМалаховский К.В.
090 _a910.4(470+571)
_bМ18
942 _cBK
040 _aUA-OsUOA
_brus
_cUA-OsUOA
_dUA-OsUOA
245 _aСоломоновы острова
_cРед. А.М.Хазанов
300 _a96 с.
_bІлюстрації
955 _a0
041 _arus
080 _a910.4(470+571)
260 _aМосква
_bНаука
_c1978
044 _aRU
650 7 _2UDC
999 _c306666
_d306666